000 00485nam a2200157Ia 4500
005 20250428120422.0
008 231217s9999 xx 000 0 und d
020 _a9781556156182
082 _a001.6424WIN BRO;1 R
100 _aBrockschmidt, Kraig.
245 0 _aInside OLE2 : the fast track to building powerful object oriented application
260 _c1993
_bMicrosoft
_aWashington
300 _a977
650 _aInside,OLE2,fast,track,powerful,object,oriented
942 _cAA
999 _c181919
_d181919